| 000 | 00811nam a2200229Ia 4500 | ||
|---|---|---|---|
| 005 | 20250108124825.0 | ||
| 008 | 008 250107s9999 xx 000 0 hin d | ||
| 020 | _a978-93-51791-51-5 | ||
| 037 | _aTB | ||
| 040 |
_aCRL _bhin _cCRL |
||
| 041 |
_asan _2hin |
||
| 084 | _aO152,3N713x Q9 | ||
| 084 | _qCRL | ||
| 100 |
_aआसी, मुहम्मद इब्राहीम, ले. _9729940 |
||
| 245 | 0 |
_aअजीम मुहम्मद _cआसी, मुहम्मद इब्राहीम, ले. |
|
| 260 |
_aमुम्बई, भारत _bतहफ्फुजे नामूसे रिसालत बोर्ड _c2323 |
||
| 300 | _a238पृ0 | ||
| 365 |
_aINR _b125 |
||
| 650 | _aधर्म | ||
| 942 |
_cTB _hO152,3N713x Q9 |
||
| 999 |
_c1234711 _d1234711 |
||